000
00295nam a22001217a 4500
008
140108t xxu||||| |||| 00| 0 eng d
020
_a
969-35-1576-5
100
_a
Pandath Rathan Nath Sarshar
_9
563
245
_a
Fasana e Azad
_b
vol. IV
300
_a
000
440
_v
vol. IV
_9
564
942
_2
ddc
_c
BK
999
_c
16834
_d
16834